000 00335nam a22001457a 4500
003 OSt
005 20211222110913.0
008 211222b |||||||| |||| 00| 0 eng d
020 _a0071204113
040 _cHU
082 _25th
_a004.22/HAM2002
100 _aHamacher
_924258
245 _aComputer Organization
942 _2ddc
_cBOOKS
_n0
999 _c23423
_d23423